Lidové zvyky Krkonoš /

Main Author: Dušek, Libor, 1983-
Language: Czech
Published: Vrchlabí : Správa Krkonošského národního parku, 2015
Subjects:
Physical Description: 49 stran : ilustrace (převážně barevné), faksimile ; 21 cm
Book
Saved in:
LEADER 01845nam a2200493 i 4500
001 nkc20152682751
003 CZ PrNK
005 20160503085306.0
007 ta
008 150518s2015 xr ah g 000 0 cze
020 |a 978-80-87706-71-8  |q (brožováno) 
040 |a BOA001  |b cze  |d ABA001  |e rda 
043 |a e-xr---  |b e-xr-cc  |2 czenas 
072 7 |a 398  |x Folklor. Lidové tradice  |2 Konspekt  |9 1 
080 |a 39  |2 MRF 
080 |a 398.3  |2 MRF 
080 |a (437.31-17)  |2 MRF 
080 |a (0.062)  |2 MRF 
100 1 |a Dušek, Libor,  |d 1983-  |7 pna2011623669  |4 aut 
245 1 0 |a Lidové zvyky Krkonoš /  |c text: Libor Dušek 
264 1 |a Vrchlabí :  |b Správa Krkonošského národního parku,  |c 2015 
300 |a 49 stran :  |b ilustrace (převážně barevné), faksimile ;  |c 21 cm 
336 |a text  |b txt  |2 rdacontent 
337 |a bez média  |b n  |2 rdamedia 
338 |a svazek  |b nc  |2 rdacarrier 
500 |a Název z obálky 
504 |a Obsahuje bibliografii 
650 0 7 |a zvyky a obyčeje  |7 ph137519  |z Česko  |2 czenas 
650 0 7 |a lidové zvyky  |7 ph137518  |z Česko  |2 czenas 
650 0 9 |a manners and customs  |z Czechia  |2 eczenas 
650 0 9 |a folk customs  |z Czechia  |2 eczenas 
651 7 |a Krkonoše (Česko a Polsko : pohoří : oblast)  |7 ge134290  |2 czenas 
651 7 |a Podkrkonoší (Česko)  |7 ge137859  |2 czenas 
651 7 |a Pojizeří (Česko)  |7 ge137863  |2 czenas 
651 9 |a Krkonoše Mountains Region (Czechia and Poland)  |2 eczenas 
651 9 |a Podkrkonoší (Czechia)  |2 eczenas 
651 9 |a Pojizeří Region (Czechia)  |2 eczenas 
655 7 |a populárně-naučné publikace  |7 fd131864  |2 czenas 
655 9 |a popular works  |2 eczenas 
910 2 |a BOA001  |b 2-1344.977 
990 |a BK 
995 |a 11 
991 |b 201506  |c NOV  |e n 
996 6 |b 2610632296  |c 2-1344.977  |l MZK  |r Sklad / do 1 hodiny  |n 2  |p p.v.  |w 001503786  |u 000010  |a 1  |e BOA001  |j MZK50  |s P